000
00321 a2200145 4500
001
181002
020
_a
040
_c
Magnum
100
_a
Villanueva, Clara
240
1
0
_a
De fiesta en primavera
_l
ESP
245
1
0
_a
De fiesta en primavera
362
0
_a
1899
697
_a
MAGNITO: LITERATURA ESTRANGEIR
942
_c
BK
999
_c
181002
_d
181002